| 000 | 00000nas 2200000za 4500 |
| 001 | 9.850401 |
| 003 | CaOODSP |
| 005 | 20221107154140 |
| 007 | cr ||||||||||| |
| 008 | 180122d19881988onc x m o f0###|0fre|d |
| 022 | |y0836-1800 |
| 040 | |aCaOODSP|bfre |
| 043 | |an-cn--- |
| 086 | 1 |aJ23-3F-PDF |
| 130 | 0 |aRapports de recherche de la Commission canadienne sur la détermination de la peine. |
| 245 | 10|aRapports de recherche de la Commission canadienne sur la détermination de la peine |h[ressource électronique]. |
| 260 | |aOttawa : |bMinistère de la Justice Canada, Direction générale de la recherche et du dévelopement, Direction de la politique, des programmes et de la recherche, |c1988. |
| 310 | |aIrrégulier |
| 500 | |aÉditions numérisée de l'imprimé. |
| 500 | |aPubl. aussi en anglais sous le titre : Research reports of the Canadian Sentencing Commission. |
| 692 | 07|2gccst|aDécision du tribunal |
| 710 | 1 |aCanada.|bMinistère de la justice.|bSous-direction de la recherche et du développement. |
| 710 | 2 |aCommission canadienne sur la détermination de la peine. |
| 775 | 08|tResearch reports of the Canadian Sentencing Commission |w(CaOODSP)9.850400 |